Budovanie značky zamestnávateľa ako súčasť personálneho marketingu diplomová práca

Salvato in:
Dettagli Bibliografici
Autore principale: Fedorová, Diana
Ente Autore: Fakulta podnikového manažmentu EU. Katedra manažmentu
Altri autori: Matkovčíková, Natália, 1982-
Natura: Libro
Lingua:slovacco
Pubblicazione: Bratislava 2022
Tags: Aggiungi Tag
Nessun Tag, puoi essere il primo ad aggiungerne!!

MARC

LEADER 00000nbm a2200000 4500
001 0285425
005 20230322143550.7
041 0 |a slo 
044 |a SK 
245 1 0 |a Budovanie značky zamestnávateľa ako súčasť personálneho marketingu  |b diplomová práca  |c Diana Fedorová ; školiteľ: Natália Matkovčíková 
264 1 |a Bratislava  |c 2022 
300 |a 68 s. 
100 1 |a Fedorová, Diana 
700 1 |a Matkovčíková, Natália, 1982- 
710 2 |a Fakulta podnikového manažmentu EU. Katedra manažmentu